export_success — 

Building an international financial services firm how to design and execute cross-border strategies /

Bibliographic Details
Main Author: Venzin, Markus.
Corporate Author: ProQuest (Firm)
Format: Electronic eBook
Language:English
Published: Oxford ; New York : Oxford University Press, 2009.
Subjects:
Online Access:Click to View
LEADER 01439nam a2200373 a 4500
001 EBC431343
003 MiAaPQ
005 20200520144314.0
006 m o d |
007 cr cn|||||||||
008 080911s2009 enka sb 001 0 eng
010 |z  2008039415 
020 |z 9780199535200 (alk. paper) 
020 |z 0199535205 (alk. paper) 
035 |a (MiAaPQ)EBC431343 
035 |a (Au-PeEL)EBL431343 
035 |a (CaPaEBR)ebr10288416 
035 |a (CaONFJC)MIL205326 
035 |a (OCoLC)654776027 
040 |a MiAaPQ  |c MiAaPQ  |d MiAaPQ 
050 4 |a HG3881  |b .V375 2009 
082 0 4 |a 332.1/5068  |2 22 
100 1 |a Venzin, Markus. 
245 1 0 |a Building an international financial services firm  |h [electronic resource] :  |b how to design and execute cross-border strategies /  |c Markus Venzin. 
260 |a Oxford ;  |a New York :  |b Oxford University Press,  |c 2009. 
300 |a xxvii, 357 p. :  |b ill. 
504 |a Includes bibliographical references (p. 317-347) and index. 
533 |a Electronic reproduction. Ann Arbor, MI : ProQuest, 2015. Available via World Wide Web. Access may be limited to ProQuest affiliated libraries. 
650 0 |a Banks and banking, International. 
650 0 |a Financial services industry. 
650 0 |a International finance. 
655 4 |a Electronic books. 
710 2 |a ProQuest (Firm) 
856 4 0 |u https://ebookcentral.proquest.com/lib/matrademy/detail.action?docID=431343  |z Click to View